On This Day: January 29th Quiz Stats

 Plays Quiz Updated Jan 29, 2018

Score 0/7 Timer 03:00
0 Plays Today
Question Answer Wrong Answers
In his State of the Union address, President George W. Bush describes ‘regimes that sponsor terror’ as an ______, in which he includes Iraq, Iran and North Korea.
2002
Axis of Evil
89.4%
Association of Destruction
3.8%
Assembly of Corruption
3%
Immoral Gang
1.5%
The first votes for this Hall of Fame are tallied, with Ty Cobb receiving the most votes.
1936
Baseball
89.4%
Pro Football
5.1%
Naismith Memorial Basketball
2.8%
Hockey
1.7%
This American media mogul and actress, known for helping popularize and revolutionize the talk show genre, is born.
1954
Oprah Winfrey
87.5%
Whoopi Goldberg
3%
Ellen DeGeneres
4.8%
Sally Jessy Raphael
3.3%
Later called the ‘ultimate high’ of the hippie era, the Mantra-Rock Dance takes place in ______, and features Janis Joplin, Grateful Dead, and Allen Ginsberg among others.
1967
San Francisco
77%
Seattle
8.8%
Portland
5.8%
Los Angeles
6.6%
Today known as the ‘The Sunflower State’, this territory is admitted as the 34th US state.
1861
Kansas
75%
Idaho
7.9%
North Dakota
6.1%
New Mexico
10.4%
This narrative poem by Edgar Allan Poe, which traces a man’s slow fall into madness as he laments the loss of his love, Lenore, is first published.
1845
The Raven
68.6%
The Tell-Tale Heart
17.8%
Annabel Lee
12.1%
The Black Cat
1.5%
This President of France announces a ‘definitive end’ to French nuclear weapons testing.
1996
Jacques Chirac
44%
François Mitterrand
37.1%
Nicolas Sarkozy
9.5%
François Hollande
7.5%

You're not logged in!

Compare scores with friends on all Sporcle quizzes.
OR
Log In

Sporcle TV

Today on Sporcle TV


Watch our educational content, quiz creation guides, and fun videos on Sporcle TV.

Show Comments

Extras

Top Quizzes Today


Score Distribution

Your Account Isn't Verified!

In order to create a playlist on Sporcle, you need to verify the email address you used during registration. Go to your Sporcle Settings to finish the process.

Report this User

Report this user for behavior that violates our Community Guidelines.

Details: